00000000nam 2200000zi 4500
0019.945458
003CaOODSP
00520241122122033
006m     o  d f      
007cr |n|||||||||
008241122e199101  onca    ob   f000 0|eng d
020 |z0662579429
040 |aCaOODSP|beng|erda|cCaOODSP
043 |an-cn---
0861 |aCo22-97/1990E-PDF|zCo22-97/1990
1001 |aMalhotra, Satya, |eauthor.
24510|aCanadian participation in the development of EDI standards / |cby Satya Malhotra.
264 1|aOttawa, Ontario : |bDepartment of Communications, |cJanuary 1991.
264 4|c©1991
300 |a1 online resource (vii, 76 pages) : |billustrations
336 |atext|btxt|2rdacontent
337 |acomputer|bc|2rdamedia
338 |aonline resource|bcr|2rdacarrier
500 |aDigitized edition from print [produced by Innovation, Science and Economic Development Canada].
500 |aIssued also in French under title: Le rôle du Canada dans le développement de normes EDI.
504 |aIncludes bibliographical references.
650 0|aElectronic data interchange|xStandards.
650 0|aElectronic data interchange|xStandards|zCanada.
7101 |aCanada. |bDepartment of Communications, |eissuing body.
77508|tLe rôle du Canada dans le développement de normes EDI / |w(CaOODSP)9.945461
85640|qPDF|s1.11 MB|uhttps://publications.gc.ca/collections/collection_2024/isde-ised/co22/Co22-97-1990-eng.pdf